000 00714nam a2200205Ia 4500
003 GCL
008 140319s9999 xx 000 0 ara d
040 _aGCL /
_cGCL
082 0 4 _a912.09
_bك ا
100 1 _aكمال هاشم حمود
245 1 0 _aالاطلس الاسلامى الجغرافى الجديد /
_cكمال هاشم حمود
260 _aسوريا :
_bدار القلم العربى
300 _a160 ص ؛
_c30 سم
650 0 4 _aالاطالس
650 0 4 _aالعالم الاسلامى - جغرافيا
650 0 4 _aالاطالس الجغرافية
650 0 4 _aالعالم الاسلامى - خرائط
650 0 4 _aالعالم الاسلامى - سكان
942 _2ddc
_cBK
999 _c10111
_d10111